|
|
|
|
| LEADER |
00000nab a2200000 a 4500 |
| 001 |
vtls000465483 |
| 003 |
SK-MaSNL |
| 005 |
20260304080650.0 |
| 008 |
250424c1992 xo 0 slo |
| 015 |
|
|
|a SNBRB19rr/mm-uuuuu
|
| 035 |
|
|
|a CL0465616
|
| 035 |
|
|
|a urn:nbn:sk:snk-ab6ljl
|
| 035 |
|
|
|a (uuid)4debd161-f914-48f9-ae82-061bf26681e5
|
| 035 |
|
|
|a (urnnbn)urn:nbn:sk:snk:ar-005ggs
|
| 035 |
|
|
|a (sysno)vtls000465483
|
| 040 |
|
|
|a SNKBUCL
|b slo
|c SNKBUCL
|e AACR2
|
| 041 |
0 |
|
|a slo
|
| 044 |
|
|
|a xo
|c SK
|
| 080 |
|
|
|a 616.1:681.3:061.3
|2 1981
|
| 080 |
|
|
|a 681.3
|2 1981
|
| 080 |
|
|
|a 061.3
|2 1981
|
| 100 |
1 |
|
|a Palát, Miroslav,
|d 1927-2014
|4 aut
|9 203087
|
| 245 |
1 |
0 |
|a Databáza pre kardiológiu
|c Miroslav Palát
|
| 650 |
0 |
7 |
|a kardiológia
|2 snkbucl
|9 906
|
| 650 |
0 |
7 |
|a databázy
|2 snkbucl
|9 885
|
| 655 |
|
7 |
|a články z novín a časopisov
|2 snkbucl
|9 267496
|
| 773 |
0 |
|
|t Lekársky obzor
|g Roč. 41, č. 9 (1992), s. 538-539
|
| 787 |
0 |
8 |
|i Rec.:
|t Databases for cardiology
|d Dordrecht : Kluwer Academic Publischers, 1991
|
| 850 |
|
|
|a Slovenská národná knižnica
|
| 852 |
|
|
|a Slovenská národná knižnica
|
| 954 |
|
|
|a odborná, vedecká literatúra pôvodná (slovenská)
|2 lita
|
| 958 |
|
|
|a article2022
|
| 958 |
|
|
|a OND
|
| 958 |
|
|
|a RK
|
| 958 |
|
|
|a MI
|
| 958 |
|
|
|a EUIPO
|
| 992 |
|
|
|a RBX
|
| 999 |
|
|
|c 2787621
|d 2789551
|